| 000 | 00927na a2200313 4500 | ||
|---|---|---|---|
| 001 | 15855 | ||
| 003 | MIRAKIL | ||
| 005 | 20181213155158.0 | ||
| 008 | 160925b tu 000 0 | ||
| 020 | _a9754945713 | ||
| 035 | _a15855 | ||
| 040 |
_aMilas _btur _cTR-AnCHP |
||
| 082 |
_a322.4209561 _bO62k 1996 |
||
| 090 | _a322.4209561 O62k 1996 | ||
| 100 | _aOran, Baskın | ||
| 245 |
_a"Kalkık Horoz" _bÇekiç Güç ve Kürt devleti _cBaskın Oran |
||
| 246 | _aKalkık Horoz | ||
| 246 | _aÇekiç Güç ve Kürt devleti | ||
| 260 |
_aAnkara _bBilgi _c1996 |
||
| 300 |
_a276 s. _c20 sm. |
||
| 490 |
_aBilgi yayınları _v62 |
||
| 490 |
_aBilgi dizisi _v7 |
||
| 504 | _aKaynakça ve dizin var. | ||
| 650 |
_aKürtler _xIrak _zSiyaset ve yönetim |
||
| 651 |
_aTürkiye _xDış ilişkiler |
||
| 651 |
_aIrak _xHuzur Operasyonu _yÇekiç Güç |
||
| 651 |
_aIrak _xHuzur Operasyonu _yKalkık Horoz |
||
| 942 |
_2ddc _cBKS |
||
| 999 |
_c8069 _d8069 |
||